000 00660nam a2200241Ia 4500
005 20260121111851.0
008 1465 260114s9999 xx 000 0 eng d
020 _a9789812777607
037 _aEBOOK
040 _aCRL
_beng
_cCRL
041 _aeng
_2eng
084 _qCRL
100 _aSumer B M & Fredsoe J
_9948553
245 0 _aMechanics of Scour in the Marine Environment, The
260 _bWorld Scientific
260 _bWSPC
260 _c2002
650 _aEngineering / Acoustics
_9948554
856 _uhttps://www.worldscientific.com/worldscibooks/10.1142/4942#t=toc
942 _cEBOOK
999 _c1538765
_d1538765